00669cam a22002411 4500001001300000003000400013005001700017008004100034010001700075015001500092035001800107040003100125042001200156050002000168082000800188100003500196245003000231260006300261300002700324504002700351651003200378999001700410sa 63002507 DLC20260227111934.0720901s1960 pk a b 000 0 eng  asa 63002507  aGB61-15627 a(OCoLC)397733 aDLCcODaWUdOCoLCdUkdDLC apremarc00aDS38b.M24 1960 a9561 aMahmud, S. F.q(Sayyid Fayyaz)02aA short history of Islam. aKarachi,bPakistan Branch, Oxford University Press,c1960. a724 p.billus.c23 cm. aIncludes bibliography. 0aIslamic countriesxHistory. c54493d54493